Films Based on Science Fiction Books - Statistics

General Stats
  • This quiz has been taken 623 times
    620 since last reset
  • The average score is 9 of 14
Answer Stats
Hint Answer % Correct
Dinosaurs roam the Earth once more in this theme park, where things go awry for a ragtag group investigating the park. Jurassic Park
92%
One girl and boy are yearly selected from each of the 12 districtes to fight in a televised death match. One girl from Disctrict 12 must survive and take down the corrupt political system. (also love triangle) The Hunger Games
89%
An astronaut/botanist is abandoned on Mars where he must figure out how to survive and communicate to others that he's alive. The Martian
82%
The desert planet Arrakis is home to the most valuable substance in the universe, melange. Mining of this spice leads to a battle between the Atreides and the Harkonnens. Dune
80%
Set in a dystopian Los Angeles a man named Deckard must track down illegal "replicants" made by the Tyrell Corporation. Blade Runner
73%
Alex, an English gang leader, and his "Droogs" spend nights drinking milk and engaging in "ultraviolence". Alex is eventually jailed and subjected to behavior modification to free him of his violent behaviors. A Clockwork Orange
70%
Whisked into outer space by his alien friend, Arthur Dent is saved from Earth's annihilation and seeks the meaning of life. The Hitchhiker's Guide to the Galaxy
65%
Teenage boys (and one girl) are trapped in a place called the "Glade" with an intricate and changing labyrinth surrounding. One boy must solve the puzzle to find a way out. The Maze Runner
64%
A brilliant NYC scientist is seemingly the lone survivor of a man-made plague that transforms humans into vampire-like mutants. While working on a cure for the plauge, he also searches for other survivors. I Am Legend
60%
Gifted children are recruited by the military to train and prepare for an oncoming war with aliens. One child stands out from the rest. Ender's Game
51%
A Manhattanite family moves to a quaint suburb that is anything but. Women are secretly being turned into robots by their husbands to fufill their every desire. The Stepford Wives
46%
Tom Cruise must relive the same day over until he is able to defeat aliens that have invaded Earth. Edge of Tomorrow
39%
People are seemingly being replaced with emotionless imposters, one Doctor soon discovers the truth. Aliens duplicates are takig over the town. Invasion of the Body Snatchers
33%
A psychologist is sent to investigate unexplained behaviors of scientists aboard space station orbiting this planet. Solaris
23%
No matching quizzes found
Score Distribution
Percent of People with Each Score
Percentile by Number Answered
Your Score History
You have not taken this quiz since the last reset